000 00441nam a2200205Ia 4500
001 14156
003 GE_BSU
008 181216s||||||||xx |||||||||||||| ||und||
020 _a0099116103
040 _cGE_BSU
080 _a821.111-311.6
100 _aReeman,Douglas.
245 4 _aThe Destroyers.
260 _aLondon.
260 _bArrow books.
260 _c1974
300 _a317p;18cm.
653 _aThe Destroyers.
942 _cBK
999 _c47296
_d47296